000 00296nam a22001337a 4500
008 171019b xxu||||| |||| 00| 0 eng d
020 _a9781929223961
041 _aeng
080 _a338
100 _a53
101 _aMEN
245 _aLEASHING THE DOGS OF WAR
_cCROCKER,CH,A
942 _2udc
_cBK
999 _c34935
_d34935